La pinata magica = (Record no. 21990)

MARC details
000 -LEADER
fixed length control field 01749cam a2200481Ii 4500
001 - CONTROL NUMBER
control field sjds1248085
003 - CONTROL NUMBER IDENTIFIER
control field sjds
005 - DATE AND TIME OF LATEST TRANSACTION
control field 20200626113135.0
008 - FIXED-LENGTH DATA ELEMENTS--GENERAL INFORMATION
fixed length control field 161001s2017 tnua j 000 1 eng d
020 ## - INTERNATIONAL STANDARD BOOK NUMBER
International Standard Book Number 9780718087685 (hard)
020 ## - INTERNATIONAL STANDARD BOOK NUMBER
International Standard Book Number 0718087682 (hard)
035 ## - SYSTEM CONTROL NUMBER
System control number 1141635
035 ## - SYSTEM CONTROL NUMBER
System control number (OCoLC)960238448
035 ## - SYSTEM CONTROL NUMBER
System control number 1078687
035 ## - SYSTEM CONTROL NUMBER
System control number (OCoLC)ocn960238448
035 ## - SYSTEM CONTROL NUMBER
System control number 1141635
035 ## - SYSTEM CONTROL NUMBER
System control number 1141635
040 ## - CATALOGING SOURCE
Original cataloging agency BDX
Language of cataloging eng
Description conventions rda
Transcribing agency BDX
Modifying agency OCLCQ
-- HBP
-- ORX
-- YVR
-- IFA
041 1# - LANGUAGE CODE
Language code of text/sound track or separate title eng
-- spa
Language code of original eng
049 ## - LOCAL HOLDINGS (OCLC)
Holding library IFAA
099 ## - LOCAL FREE-TEXT CALL NUMBER (OCLC)
Filing suffix 2017
100 1# - MAIN ENTRY--PERSONAL NAME
Personal name Cala, Ismael,
Relator term author.
245 13 - TITLE STATEMENT
Title La pinata magica =
Remainder of title The magic pinata /
Statement of responsibility, etc. Ismael Cala ; llustrado por/ilustrated by Yunior Suarez.
246 31 - VARYING FORM OF TITLE
Title proper/short title Magic pinata
260 ## - PUBLICATION, DISTRIBUTION, ETC. (IMPRINT)
Place of publication, distribution, etc. Nashville, TN :
Name of publisher, distributor, etc. HarperCollins Espanol,
Date of publication, distribution, etc. [2017]
264 #1 - PRODUCTION, PUBLICATION, DISTRIBUTION, MANUFACTURE, AND COPYRIGHT NOTICE
Place of production, publication, distribution, manufacture Nashville, TN :
Name of producer, publisher, distributor, manufacturer HarperCollins Espanol,
Date of production, publication, distribution, manufacture, or copyright notice [2017]
300 ## - PHYSICAL DESCRIPTION
Extent 1 volume (unpaged) :
Other physical details color illustrations ;
Dimensions 21 cm
336 ## - CONTENT TYPE
Content type term text
Content type code txt
Source rdacontent
337 ## - MEDIA TYPE
Media type term unmediated
Media type code n
Source rdamedia
338 ## - CARRIER TYPE
Carrier type term volume
Carrier type code nc
Source rdacarrier
520 ## - SUMMARY, ETC.
Summary, etc. La piñata mágica hará recordar a chicos y grandes sus propias anécdotas, en las que las piñatas eran el centro de atención. Vive junto a tus hijos momentos inolvidables al leer esta tierna historia.
546 ## - LANGUAGE NOTE
Language note Text in English and Spanish.
650 #0 - SUBJECT ADDED ENTRY--TOPICAL TERM
Topical term or geographic name as entry element Pinatas
Form subdivision Juvenile fiction.
650 #0 - SUBJECT ADDED ENTRY--TOPICAL TERM
Topical term or geographic name as entry element Birthdays
Form subdivision Juvenile fiction.
650 #0 - SUBJECT ADDED ENTRY--TOPICAL TERM
Topical term or geographic name as entry element Parties
Form subdivision Juvenile fiction.
650 #0 - SUBJECT ADDED ENTRY--TOPICAL TERM
Topical term or geographic name as entry element Sharing
Form subdivision Juvenile fiction.
650 #0 - SUBJECT ADDED ENTRY--TOPICAL TERM
Topical term or geographic name as entry element Spanish language materials
General subdivision Bilingual.
650 #7 - SUBJECT ADDED ENTRY--TOPICAL TERM
Topical term or geographic name as entry element Pinatas
Form subdivision Novela juvenil.
Source of heading or term bidex
650 #7 - SUBJECT ADDED ENTRY--TOPICAL TERM
Topical term or geographic name as entry element Cumpleaños
Form subdivision Novela juvenil.
Source of heading or term bidex
650 #7 - SUBJECT ADDED ENTRY--TOPICAL TERM
Topical term or geographic name as entry element Fiestas
Form subdivision Novela juvenil.
Source of heading or term bidex
700 1# - ADDED ENTRY--PERSONAL NAME
Personal name Suarez, Yunior,
Relator term illustrator.
942 ## - ADDED ENTRY ELEMENTS (KOHA)
Koha item type Libro/Book
Holdings
Withdrawn status Lost status Damaged status Not for loan Home library Current library Shelving location Date acquired Inventory number Total Checkouts Full call number Barcode Date last seen Date checked out Price effective from Koha item type
        San Juan Del Sur -- Biblioteca San Juan Del Sur -- Biblioteca Children's Area 10/03/2025 Inventory date: 15-5-25 2 JI 30020204 18/06/2025 03/06/2025 10/03/2025 Libro/Book

Powered by Koha